| 000 | 00391nam a2200169Ia 4500 | ||
|---|---|---|---|
| 003 | 0STCL | ||
| 008 | 150530s9999 xx 000 0 und d | ||
| 040 |
_aSTCL _cSTCL |
||
| 100 | _aKerala State Legal Services Authority | ||
| 245 | _aSthreeyum Niyamavum | ||
| 260 |
_c2009 _aCOCHIN |
||
| 300 | _a0 | ||
| 546 | _aMalayalam | ||
| 942 |
_2ddc _cBK |
||
| 999 |
_c14742 _d14742 |
||
| 005 | 20220125165717.0 | ||